00918nam a2200241Ia 450000500170000000800410001702000220005804000190008004100120009908200170011124501380012826000460026630000190031265000190033165000180035070000250036870000220039385000100041594200070042599900170043295201140044995201130056320230523110314.0131103s9999 xx 000 0 und d a198074956c395.00 aLoreto College aEnglish a330.954bACH aIndia's economyb Performance and challenges : Essays in honour of Montek Singh AhluwaliacEdited by Shankar Acharya and Rakesh Mohan aNew DelhibOxford University Pressc2011 axv,465p b22cm aIndian economy aEconomy-India 4ed.aAcharya,Shankar 4ed.aMohan,Rakesh aLCLIB cBK c38809d89288 00102ddc4070aMAINbMAINd2013-11-04l4o330.954 ACH 50205pB42385r2022-09-01s2022-08-22w2013-11-04yBK 00102ddc4070aMAINbMAINd2013-12-11l3o330.954 ACH 50269p42438r2022-03-02s2022-02-23w2013-12-11yBK